000 00350nam a22001577a 4500
005 20160628150410.0
008 160628b xxu||||| |||| 00| 0 eng d
020 _a978-0-07-065652-4
041 _aeng
082 _b10937
245 _aCreating Teams with an edge
260 _bHarvard
300 _a164
650 _aManagement
_9241
942 _cBK
999 _c4498
_d4497